Score 0/30 Timer 06:00
11 Plays Today
% Correct
Jaws
98.2%
Jurassic Park
97.1%
Iron Man
96.3%
Kung Fu Panda
96%
The Incredibles
95.8%
The Jungle Book
94.1%
Ice Age
93%
Juno
88.3%
The Karate Kid
84.8%
Kill Bill: Vol. 1
83.2%
Independence Day
80.2%
Kick-Ass
74%
I Am Legend
71%
Knocked Up
69%
Kindergarten Cop
67.5%
% Correct
Inglourious Basterds
66.7%
King Kong
63.5%
Jumanji
63.1%
The King's Speech
62.9%
The Italian Job
60.1%
Invictus
58.3%
Jailhouse Rock
57.8%
Jackass: The Movie
57.1%
A Knight's Tale
56.8%
I Now Pronounce You Chuck & Larry
49.9%
Kramer vs. Kramer
41.4%
Jarhead
41.1%
I Am Sam
35.8%
Joy
31%
Jane Eyre
19.5%
Remove Ads.
Support Sporcle.
Get the best of Sporcle when you Go Orange. This ad-free experience offers more features, more stats, and more fun while also helping to support Sporcle. Thank you for becoming a member.

You're not logged in!

Compare scores with friends on all Sporcle quizzes.
OR
Log In

Show Comments

Extras

Top Quizzes Today


Score Distribution

Your Account Isn't Verified!

In order to create a playlist on Sporcle, you need to verify the email address you used during registration. Go to your Sporcle Settings to finish the process.

Report this User

Report this user for behavior that violates our Community Guidelines.

Details: